<?xml version="1.0" encoding="UTF-8"?>
<record
    xmlns:xsi="http://www.w3.org/2001/XMLSchema-instance"
    xsi:schemaLocation="http://www.loc.gov/MARC21/slim http://www.loc.gov/standards/marcxml/schema/MARC21slim.xsd"
    xmlns="http://www.loc.gov/MARC21/slim">

  <leader>01322nam a22002417a 4500</leader>
  <controlfield tag="005">20240814174522.0</controlfield>
  <controlfield tag="008">      s2531    th                  tha d</controlfield>
  <datafield tag="040" ind1=" " ind2=" ">
    <subfield code="a">NALT</subfield>
  </datafield>
  <datafield tag="041" ind1=" " ind2=" ">
    <subfield code="a">tha</subfield>
  </datafield>
  <datafield tag="100" ind1="0" ind2=" ">
    <subfield code="a">&#xE40;&#xE2A;&#xE16;&#xE35;&#xE22;&#xE23; &#xE27;&#xE34;&#xE0A;&#xE31;&#xE22;&#xE25;&#xE31;&#xE01;&#xE29;&#xE13;&#xE4C;</subfield>
  </datafield>
  <datafield tag="245" ind1="1" ind2="0">
    <subfield code="a">&#xE1E;&#xE23;&#xE30;&#xE23;&#xE32;&#xE0A;&#xE1A;&#xE31;&#xE0D;&#xE0D;&#xE31;&#xE15;&#xE34;&#xE04;&#xE27;&#xE21;&#xE04;&#xE38;&#xE21;&#xE01;&#xE32;&#xE23;&#xE06;&#xE48;&#xE32;&#xE2A;&#xE31;&#xE15;&#xE27;&#xE4C;&#xE41;&#xE25;&#xE30;&#xE08;&#xE33;&#xE2B;&#xE19;&#xE48;&#xE32;&#xE22;&#xE40;&#xE19;&#xE37;&#xE49;&#xE2D;&#xE2A;&#xE31;&#xE15;&#xE27;&#xE4C; &#xE1E;.&#xE28;. 2502 &#xE1E;&#xE23;&#xE49;&#xE2D;&#xE21;&#xE14;&#xE49;&#xE27;&#xE22;&#xE01;&#xE0E;&#xE01;&#xE23;&#xE30;&#xE17;&#xE23;&#xE27;&#xE07; &#xE2D;&#xE2D;&#xE01;&#xE15;&#xE32;&#xE21;&#xE04;&#xE27;&#xE32;&#xE21;&#xE43;&#xE19;&#xE1E;&#xE23;&#xE30;&#xE23;&#xE32;&#xE0A;&#xE1A;&#xE31;&#xE0D;&#xE0D;&#xE31;&#xE15;&#xE34;&#xE19;&#xE35;&#xE49;</subfield>
  </datafield>
  <datafield tag="260" ind1="3" ind2=" ">
    <subfield code="a">&#xE01;&#xE23;&#xE38;&#xE07;&#xE40;&#xE17;&#xE1E;&#xE2F; : </subfield>
    <subfield code="b">&#xE19;&#xE35;&#xE15;&#xE34;&#xE40;&#xE27;&#xE0A;&#xE0A;&#xE4C;, </subfield>
    <subfield code="c">2531</subfield>
  </datafield>
  <datafield tag="300" ind1=" " ind2=" ">
    <subfield code="a">28 &#xE2B;&#xE19;&#xE49;&#xE32; ;</subfield>
    <subfield code="b"> 26 &#xE0B;&#xE21;.</subfield>
  </datafield>
  <datafield tag="650" ind1="0" ind2="4">
    <subfield code="a">&#xE01;&#xE32;&#xE23;&#xE06;&#xE48;&#xE32;&#xE2A;&#xE31;&#xE15;&#xE27;&#xE4C; -- &#xE01;&#xE0E;&#xE2B;&#xE21;&#xE32;&#xE22;&#xE41;&#xE25;&#xE30;&#xE23;&#xE30;&#xE40;&#xE1A;&#xE35;&#xE22;&#xE1A;&#xE02;&#xE49;&#xE2D;&#xE1A;&#xE31;&#xE07;&#xE04;&#xE31;&#xE1A;</subfield>
  </datafield>
  <datafield tag="650" ind1="0" ind2="4">
    <subfield code="a">&#xE01;&#xE32;&#xE23;&#xE06;&#xE48;&#xE32;&#xE2A;&#xE31;&#xE15;&#xE27;&#xE4C; (&#xE1E;.&#xE23;.&#xE1A;.) -- 2502</subfield>
  </datafield>
  <datafield tag="650" ind1="0" ind2="4">
    <subfield code="a">&#xE40;&#xE19;&#xE37;&#xE49;&#xE2D;&#xE2A;&#xE31;&#xE15;&#xE27;&#xE4C; -- &#xE01;&#xE0E;&#xE2B;&#xE21;&#xE32;&#xE22;&#xE41;&#xE25;&#xE30;&#xE23;&#xE30;&#xE40;&#xE1A;&#xE35;&#xE22;&#xE1A;&#xE02;&#xE49;&#xE2D;&#xE1A;&#xE31;&#xE07;&#xE04;&#xE31;&#xE1A; -- 2502</subfield>
  </datafield>
  <datafield tag="650" ind1="0" ind2="4">
    <subfield code="a">&#xE40;&#xE19;&#xE37;&#xE49;&#xE2D;&#xE2A;&#xE31;&#xE15;&#xE27;&#xE4C; (&#xE1E;.&#xE23;.&#xE1A;.) -- 2502</subfield>
  </datafield>
  <datafield tag="700" ind1="0" ind2=" ">
    <subfield code="a">&#xE40;&#xE2A;&#xE16;&#xE35;&#xE22;&#xE23; &#xE27;&#xE34;&#xE0A;&#xE31;&#xE22;&#xE25;&#xE31;&#xE01;&#xE29;&#xE13;&#xE4C;</subfield>
  </datafield>
  <datafield tag="850" ind1=" " ind2=" ">
    <subfield code="a">NALT</subfield>
  </datafield>
  <datafield tag="942" ind1=" " ind2=" ">
    <subfield code="c">LB</subfield>
    <subfield code="2">lcc</subfield>
  </datafield>
  <datafield tag="999" ind1=" " ind2=" ">
    <subfield code="c">17548</subfield>
    <subfield code="d">17548</subfield>
  </datafield>
  <datafield tag="998" ind1=" " ind2=" ">
    <subfield code="j">25</subfield>
    <subfield code="k"> &#xE19;&#xE35;&#xE25;&#xE27;&#xE31;&#xE2A;&#xE19;&#xE4C; &#xE2D;&#xE34;&#xE19;&#xE17;&#xE23;&#xE31;&#xE01;&#xE29;&#xE32;</subfield>
  </datafield>
  <datafield tag="090" ind1=" " ind2=" ">
    <subfield code="a">KO105 &#xE2A;895&#xE1E; 2531</subfield>
  </datafield>
  <datafield tag="952" ind1=" " ind2=" ">
    <subfield code="0">0</subfield>
    <subfield code="1">0</subfield>
    <subfield code="4">0</subfield>
    <subfield code="7">0</subfield>
    <subfield code="8">CLAW</subfield>
    <subfield code="a">NALT</subfield>
    <subfield code="b">NALT</subfield>
    <subfield code="l">0</subfield>
    <subfield code="o">KO 105 &#xE2A;895&#xE1E; 2531</subfield>
    <subfield code="p">3961134275</subfield>
    <subfield code="r">2017-06-09 00:00:00</subfield>
    <subfield code="w">2017-06-09</subfield>
    <subfield code="y">LB</subfield>
  </datafield>
</record>
